00607nam a2200181Ia 4500003000900000008004100009020001800050040001600068080001500084100001600099245013900115250001200254260004000266300001500306650007200321700001800393700001400411IN-BaIIA211028s9999 xx 000 0 eng d a0-201-13189-7 cIIA Library a681.1bMOO aMoore, J. H 0aBuilding scientific apparatusba practical guide to design and constructioncJohn H. Moore, Christopher C. Davis and Michael A. Coplan a2nd ed. aMassachusettsbAddison-Wesleyc1989 axvi, 549p. aScientific apparatus, Precision instruments, Instrument manufacture aCoplan, M. A. aDavis, C.